Normal view MARC view

Entry Personal Name

Number of records used in: 1

001 - CONTROL NUMBER

  • control field: 5783

003 - CONTROL NUMBER IDENTIFIER

  • control field: OSt

005 - DATE AND TIME OF LATEST TRANSACTION

  • control field: 20190517152047.0

008 - FIXED-LENGTH DATA ELEMENTS

  • fixed length control field: 190517|| aca||aabn | a|a d

040 ## - CATALOGING SOURCE

  • Original cataloging agency: OSt
  • Transcribing agency: OSt

100 ## - HEADING--PERSONAL NAME

  • Personal name: Gunderson, Ryan

670 ## - SOURCE DATA FOUND

  • Source citation: Work cat.: (OSt): Gunderson, Ryan, Global environmental governance should be participatory: five problems of scale , 2018

Powered by Koha